Dźwigniowo- pneumatyczny separator kamieni od ziemniaków / (Rekord nr 6564)
| 000 -ETYKIETA REKORDU | |
|---|---|
| podpole kontrolne o stałej długości | 01044naa a2200229 i 4500 |
| 001 - NUMER KONTROLNY REKORDU | |
| podpole kontrolne | BPP |
| 003 - IDENTYFIKATOR NUMERU KONTROLNEGO REKORDU | |
| podpole kontrolne | BPK |
| 005 - DATA OSTATNIEJ MODYFIKACJI REKORDU | |
| podpole kontrolne | 20160107122200.0 |
| 008 - POLE O STAŁEJ DŁUGOŚCI - DANE KONTROLNE | |
| podpole kontrolne o stałej długości | 150112s1991 pl f |100 0 pol |
| 040 ## - ŹRÓDŁO KATALOGOWANIA | |
| Instytucja, która utworzyła rekord | BPK |
| 080 ## - UNIWERSALNA KLASYFIKACJA DZIESIĘTNA - UKD | |
| UKD | 633.49 |
| 100 ## - NAZWA OSOBOWA | |
| Nazwa osobowa | FLESZAR, Józef. |
| Lata pracy | 1975 - 1996. |
| Instytucja | Wyższa Szkoła Inżynierska w Koszalinie - Wydział Mechaniczny, |
| Wydział | Zakład Maszyn i Urządzeń Rolniczych |
| 245 ## - TYTUŁ/ODPOWIEDZIALNOŚĆ | |
| Tytuł | Dźwigniowo- pneumatyczny separator kamieni od ziemniaków / |
| Pozostałe elementy strefy tytułu i oznaczenia odpowiedzialności | Józef Fleszar. |
| 260 ## - STREFA ADRESU WYDAWNICZEGO | |
| Data publikacji, dystrybucji/powstania dokumentu | 1991. |
| 500 ## - UWAGI OGÓLNE | |
| Tekst uwagi | Dane z kartoteki bpp. |
| 650 #0 - HASŁO PRZEDMIOTOWE W FORMIE NAZWY OGÓLNEJ LUB JEDNOSTKOWEJ | |
| Nazwa ogólna lub geograficzna | Ziemniaki. |
| 650 #0 - HASŁO PRZEDMIOTOWE W FORMIE NAZWY OGÓLNEJ LUB JEDNOSTKOWEJ | |
| Nazwa ogólna lub geograficzna | Pneumatyka. |
| 655 #0 - TERMIN INDEKSOWY - OKREŚLENIE RODZAJU/FORMY DOKUMENTU | |
| Określnie rodzaju/formy dokumentu | Materiały konferencyjne. |
| 711 ## - HASŁO DODATKOWE - NAZWA IMPREZY | |
| Nazwa imprezy | Problemy budowy i eksploatacji maszyn i urządzeń rolniczych : Sympozjum im. prof. Czesława Kanafojskiego |
| Oznaczenie części/sekcji dzieła | (5 ; |
| Data imprezy | 1991.09.23-24 ; |
| Miejsce imprezy | Płock, Polska). |
| 773 ## - TYTUŁ DOKUMENTU MACIERZYSTEGO | |
| Wyrażenie wprowadzające | W : |
| Tytuł | Problemy budowy i eksploatacji maszyn i urządzeń rolniczych : referaty i komunikaty V Sympozjum im. prof. Czesława Kanafojskiego. - |
| Adres wydawniczy | Warszawa : Politechnika Warszawska, 1991. - |
| Informacje dotyczące relacji | s. 198-201 |
| 942 ## - HASŁO DODATKOWE - ELEMENTY(KOHA) | |
| Typ dokumentu | Artykuł |
| Schemat klasyfikacji | Uniwersalna klasyfikacja dziesiętna |
Brak dostępnych egzemplarzy.
